000 00632nam a22001937a 4500
003 DO-SdBNP
005 20171129134434.0
008 171129b 1981 ||||| |||| 00| 0 spa d
040 _aBPMSU
_bspa
_cBPMSU
092 _axxxx
_bxxxx
100 1 _aYésenev, Vladimir
245 0 0 _aLas fronteras de China del expansionismo tradicional al hegemonismo contemporaneo /
_cVladimir Yésenev, Evgueni Stepanov
260 _aMoscún :
_bAgencia de Prensa Nóvosti,
_c1981.
300 _a132 p. ;
_c17 cm.
700 1 _aStepanov, Evgueni
942 _2ddc
_cBK
945 _aInventariado 2017 LP
956 _aLOPEREZ
_b10
_c20171129
_d0041
999 _c13216
_d13216